| 000 | 00447nam a2200169Ia 4500 | ||
|---|---|---|---|
| 003 | LK-CoDNM | ||
| 008 | 010623t1922 xxu||||| |||| 00| 1 eng d | ||
| 040 |
_aLK-CoDNM _dLK-CoDNM _eLK-CoDNM |
||
| 041 | _aeng | ||
| 080 |
_a50 _bC13 |
||
| 245 | _aThe Saree : A Magazine Conducted by Women for Women | ||
| 260 |
_bColombo Apothecaries Company _c1922 |
||
| 300 | _b60P., 23 cm | ||
| 650 | _aFolk Tales | ||
| 650 | _aRabindranath Tagore | ||
| 942 | _cBK | ||
| 999 |
_c91115 _d91115 |
||